Violencia Política y proceso de paz en Colombia ¿Qué perspectivas? /

El artículo se basa en una introducción conceptual de la violencia política, y examina las trayectorias de dos fuerzas guerrilleras de Colombia, las FARC-EP (Fuerzas Armadas Revolucionarias de Colombia - Ejército del Pueblo) y el ELN (Ejército de Liberación Nacional). Además, analiza los procesos de...

Disgrifiad llawn

Wedi'i Gadw mewn:
Manylion Llyfryddiaeth
Prif Awdur: Vargas Velásquez, Alejo
Fformat: Texto
Pynciau:
Tagiau: Ychwanegu Tag
Dim Tagiau, Byddwch y cyntaf i dagio'r cofnod hwn!

MARC

LEADER 00000 a a2200000 04500
001 1826
003
040
100 |a Vargas Velásquez, Alejo  
245 |a Violencia Política y proceso de paz en Colombia ¿Qué perspectivas? /  |c Alejo Vargas Velásquez 
520 |a El artículo se basa en una introducción conceptual de la violencia política, y examina las trayectorias de dos fuerzas guerrilleras de Colombia, las FARC-EP (Fuerzas Armadas Revolucionarias de Colombia - Ejército del Pueblo) y el ELN (Ejército de Liberación Nacional). Además, analiza los procesos de negociación de la paz en el país, y a su vez postula probables escenarios que conducen dicha negociación.  
590 |a SJB/AGOSTO2010  
650 |a CONFLICTOS POLITICOS  
650 |2 Macrothesaurus de la OCDE/ 
650 |a ACTIVIDAD MILITAR  
650 |a RELACIONES GOBIERNO FUERZAS ARMADAS  
650 |a PODER POLITICO  
650 |a PAZ  
650 |a COLOMBIA  
773 |g volumen 2, número 5; páginas 225-246  
999 |c 25418  |d 25418